书目信息 |
| 题名: |
跨国并购
|
|
| 作者: | 孟庆海 主编 ;中央电视台 编著 | |
| 分册: | ||
| 出版信息: | 北京 电子工业出版社 2012 |
|
| 页数: | 15,235页 | |
| 开本: | 24cm | |
| 丛书名: | ||
| 单 册: | ||
| 中图分类: | F276.7 | |
| 科图分类: | ||
| 主题词: | 跨国兼并--研究 , 跨国兼并 | |
| 电子资源: | ||
| ISBN: | 978-7-121-18525-0 | |
| 000 | 01189nam0 2200289 450 | |
| 001 | 523 | |
| 005 | 20140909092718.37 | |
| 010 | @a978-7-121-18525-0@dCNY58.00 | |
| 100 | @a20130228d2012 em y0chiy50 ea | |
| 101 | 0 | @achi |
| 102 | @aCN@b110000 | |
| 105 | @aa z 000yy | |
| 106 | @ar | |
| 200 | 1 | @a跨国并购@AKua Guo Bing Gou@dCross-border merger & acquisition@f孟庆海主编@FMeng Qing Hai Zhu Bian@g中央电视台《跨国并购》节目组编著@zeng |
| 210 | @a北京@c电子工业出版社@d2012 | |
| 215 | @a15,235页@c图,照片@d24cm@e附光盘1片 | |
| 300 | @aCCTV2独家授权 中视图书 | |
| 307 | @a附光盘:ISBN 978-7-7998-3166-4 | |
| 330 | @a本书全面介绍了跨国并购的成功经验和失败教训,深度解读跨国并购的经典案例和内在规律,揭秘跨国并购背后的商业玄机和制胜谋略。同时精选了杰克·韦尔奇、余永定、刘晓明等各界知名人士对跨国并购、对外投资正反两方面经验教训的前瞻性思考。 | |
| 510 | 1 | @aCross-border merger& acquisition@zeng |
| 606 | 0 | @a跨国兼并@x研究 |
| 606 | 0 | @a跨国兼并 |
| 690 | @aF276.7@v5 | |
| 701 | 0 | @a孟庆海@AMeng Qing Hai@c(财经记者)@4主编 |
| 712 | 02 | @a中央电视台@AZhong Yang Dian Shi Tai@b跨国并购节目组@4编著 |
| 801 | 0 | @aCN@bTANGWEI@c20140603 |
| 905 | @b0840659-61@dF276.7@e1117@f3 | |
| 跨国并购=Cross-border merger & acquisition/孟庆海主编/中央电视台《跨国并购》节目组编著.-北京:电子工业出版社,2012 |
| 15,235页:图,照片;24cm+附光盘1片 |
| CCTV2独家授权 中视图书 |
| ISBN 978-7-121-18525-0:CNY58.00 |
| 本书全面介绍了跨国并购的成功经验和失败教训,深度解读跨国并购的经典案例和内在规律,揭秘跨国并购背后的商业玄机和制胜谋略。同时精选了杰克·韦尔奇、余永定、刘晓明等各界知名人士对跨国并购、对外投资正反两方面经验教训的前瞻性思考。 |
| ● |
| 相关链接 |
|
|
|
|
正题名:跨国并购
索取号:F276.7/1117
 
预约/预借
| 序号 | 登录号 | 条形码 | 馆藏地/架位号 | 状态 | 备注 |
| 1 | 0840659 | 208406599 | 第一样本阅览室/ [索取号:F276.7/1117] | 在馆 | |
| 2 | 0840660 | 208406606 | 密集书库-海洋学院/ [索取号:F276.7/1117] | 在馆 | |
| 3 | 0840661 | 208406615 | 第一借阅区/ [索取号:F276.7/1117] | 在馆 |